00387 2200145 4500001002100000005001500021035002000036245007900056100002200135300001200157260003800169082000800207084001400215990001200229INLIS00000000000183720250508012020 a0010-05250001291 aMicrosoft Office 2007 :bDesktop Application Training /cLSP TIK Indonesia0 aLSP TIK Indonesia a144 hlm aSurabaya :bEbiz Education,c2012 a600 a600 LSP m a0754767